00676nab a2200181uuc4500001000800000005001700008008004100025035001200066040001300078041000800091100006100099245009800160650002600258700004900284773013200333942001000465999001900475135413420240202113911.0131210e19990701 spa  a1354134 ccomduadb aspa10aGonzáles Hernández, Lázaro Ariel4auteaut971139610aAplicación de técnicas de regulación fuzzy al control de nivel de un generador de vapor aControl difuso96785410aCésar Sánchez, Eugenio4auteaut96907400 tIngeniería Electrónica, Automática y Comunicaciones (La Habana)gVol. 20, No. 03, 1999, p. 33-38w99318x0258-5944090531 cARIMP c671833d671833